| Tag |
First Indicator |
Second Indicator |
Subfields |
| LEADER |
00000cam a2200000 4500 |
| 001 |
in00000102009 |
| 005 |
20150924161751.0 |
| 008 |
800331s1967 gw b 00010 ger d |
| 010 |
|
|
|a 68073424
|
| 035 |
|
|
|a (OCoLC)06151621
|
| 035 |
|
|
|9 AAL1421AM
|
| 040 |
|
|
|a TXA
|c TXA
|d UtOrBLW
|
| 049 |
|
|
|a TXAM
|c [919692]
|
| 090 |
|
|
|a TK7868.S9
|b F6
|
| 100 |
1 |
|
|a Föllinger, Otto.
|
| 245 |
1 |
0 |
|a Methoden der Schaltalgebra /
|c von Otto Follinger und Wolfgang Weber. Mit 221 Abbildungen.
|
| 264 |
|
1 |
|a Munchen,
|a Wien :
|b Oldenbourg Verlag,
|c 1967.
|
| 300 |
|
|
|a 319 pages
|
| 336 |
|
|
|a text
|b txt
|2 rdacontent
|
| 337 |
|
|
|a unmediated
|b n
|2 rdamedia
|
| 338 |
|
|
|a volume
|b nc
|2 rdacarrier
|
| 504 |
|
|
|a Bibliography: pages [295]-314.
|
| 650 |
|
0 |
|a Switching theory.
|
| 650 |
|
0 |
|a Algebra, Boolean.
|
| 700 |
1 |
|
|a Weber, Wolfgang.
|
| 999 |
|
|
|a MARS
|
| 999 |
f |
f |
|s 735d5de1-bea1-3c5e-9f37-822cdf9670a6
|i 20ae02f7-c2f0-3927-b138-95a3505b0a29
|t 0
|
| 952 |
f |
f |
|p ric
|a Texas A&M University
|b Rellis Campus
|c Joint Library Facility
|d Remote Storage
|t 0
|e TK7868.S9 F6
|h Library of Congress classification
|i unmediated -- volume
|m A14805497924
|
| 998 |
f |
f |
|a TK7868.S9 F6
|t 0
|l Remote Storage
|